Europe's Largest Airlines - Statistics

General Stats
  • This quiz has been taken 322 times
    261 since last reset
  • The average score is 12 of 20
Answer Stats
Answer % Correct
3 112.92 International Airlines Group
97%
4 101.45 Air France-KLM
96%
1 142.30 Lufthansa
95%
2 139.20 Ryanair
95%
5 88.04 easyjet
81%
10 30.00 Scandinavian Airlines
81%
7 55.17 Aeroflot
77%
12 21.49 Alitalia
75%
14 15.89 TAP Air Portugal
74%
19 10.61 LOT Polish Airlines
69%
16 13.28 Finnair
65%
8 37.34 Norwegian
59%
6 75.16 Turkish Airlines
55%
9 33.81 Wizz Air
55%
15 13.97 Aegean Airlines
54%
18 11.84 Air Europa
28%
17 12.09 Jet2.com
23%
13 15.96 S7 Airlines
23%
20 9.03 flybe
18%
11 29.97 Pegasus Airlines
18%
No matching quizzes found
Score Distribution
Percent of People with Each Score
Percentile by Number Answered
Your Score History
You have not taken this quiz since the last reset